UBT Library

Biology with physiology life on earth: (Record no. 1907)

000 -LEADER
fixed length control field 00361nam a22001337a 4500
008 - FIXED-LENGTH DATA ELEMENTS--GENERAL INFORMATION
fixed length control field 160507b xxu||||| |||| 00| 0 eng d
020 ## - INTERNATIONAL STANDARD BOOK NUMBER
International Standard Book Number 9780131957664
020 ## - INTERNATIONAL STANDARD BOOK NUMBER
International Standard Book Number 978013195766
020 ## - INTERNATIONAL STANDARD BOOK NUMBER
International Standard Book Number 013195766
041 ## - LANGUAGE CODE
Language code of text/sound track or separate title eng
080 ## - UNIVERSAL DECIMAL CLASSIFICATION NUMBER
Universal Decimal Classification number 573
245 ## - TITLE STATEMENT
Title Biology with physiology life on earth:
Statement of responsibility, etc Teresa Audesirl; Gerald Audesirk; Bruce E. Byers;
942 ## - ADDED ENTRY ELEMENTS (KOHA)
Source of classification or shelving scheme
Item type Books
Holdings
Withdrawn status Lost status Source of classification or shelving scheme Damaged status Not for loan Collection code Permanent location Current location Shelving location Date acquired Total Checkouts Full call number Barcode Date last seen Price effective from Koha item type
          Koleksioni i përgjithshem UBT - Lipjan UBT - Lipjan Koleksioni i përgjithshem 05/07/2016   573 AUD 002-028429 05/07/2016 05/07/2016 Books
          Koleksioni i përgjithshem UBT - Lipjan UBT - Lipjan Koleksioni i përgjithshem 04/21/2017   573 AUD 002-282117 04/21/2017 04/21/2017 Books
UBT Library © 2015-2024. All rights reserved University Education for Business and Technology